| 000 | 00390nam a2200145Ia 4500 | ||
|---|---|---|---|
| 008 | 240729s9999 xx 000 0 und d | ||
| 022 | _a2064-5228 | ||
| 245 | 0 | _aActa Technica Jaurinensis | |
| 260 | _aHungary | ||
| 260 | _bSzéchenyi István University | ||
| 650 | _aTechnology | ||
| 856 | _uhttps://doaj.org/toc/d0e6bd234f444c44a79f76d53020ea4d | ||
| 942 | _2ddc | ||
| 942 | _cDOAJEJ | ||
| 999 |
_c72119 _d72119 |
||
| 945 |
_a1 _bMadushi Gamage _c1 _dMadushi Gamage |
||